000 00428nam a2200157Ia 4500
008 231217s9999 xx 000 0 und d
020 _a71458239
041 _aEnglish
082 _a629.2 HAR;1 R
100 _aHarper, Gavin D J
245 0 _a50 awesome ante projects for the evil genius
260 _c2006
_bMacgraw-hill
_aNew York
300 _axvii+206
650 _a50,awesome,ante,projects,evil,genius
942 _cAA
999 _c178598
_d178598